000 00449nam a2200157 4500
001 140277
003 ES-MaACL
005 20230906200039.0
007 t|
008 070214s1970 sp r ||||1| spa d
100 1 _aSegre, Roberto.
_9105166
245 1 0 _aCuba
_b: arquitectura de la Revolución /
_cRoberto Segre.
260 _aBarcelona :
_bGustavo Gili,
_c1970.
300 _a221 p., 16 lám. ;
_c21 cm.
852 _aES-MaACL
_jC-48878
_bR.74874
999 _c140277
_d140277